| 000 | 01639nam a22004217a 4500 | ||
|---|---|---|---|
| 001 | 4832611 | ||
| 003 | OSt | ||
| 005 | 20210421084110.0 | ||
| 008 | 900104s1990 paua b 101 0 eng c | ||
| 010 | _a 90002712 | ||
| 020 | _a0803670087 | ||
| 040 |
_aDNLM/DLC _cDLC _dDLC |
||
| 050 | 0 | 0 |
_aRC372 _b.A55 1990 |
| 060 | _aWM 274 A34973 1988 | ||
| 080 |
_a616.8 _bA-30 |
||
| 082 | 0 | 0 |
_a616.8/53 _220 |
| 100 |
_9560 _aPoter,J.Roger |
||
| 245 | 0 | 0 |
_aAlcohol and seizures : _bbasic mechanisms and clinical concepts / _ceditors, Roger J. Porter ... [et al.] ; technical editor, Devera G. Schoenberg. |
| 260 |
_aPhiladelphia : _bDavis, _cc1990. |
||
| 300 |
_axviii, 342 p. : _bill. ; _c27 cm. |
||
| 500 | _aOutgrowth of the International Symposium on Alcohol and Seizures, held Sept. 1988 in Washington, D.C. | ||
| 504 | _aIncludes bibliographical references and index. | ||
| 650 | 0 |
_aEpilepsy _xComplications _xCongresses. |
|
| 650 | 0 |
_aAlcoholism _xComplications _xCongresses. |
|
| 650 | 0 |
_aConvulsions _xComplications _xCongresses. |
|
| 650 | 0 |
_aAlcohol _xToxicology _xCongresses. |
|
| 650 | 2 |
_aAlcoholism _xcomplications _xcongresses. |
|
| 650 | 2 |
_aEpilepsy _xcomplications _xcongresses. |
|
| 650 | 2 |
_aSeizures _xchemically induced _xcongresses. |
|
| 650 | 2 |
_aSubstance Withdrawal Syndrome _xtherapy _xcongresses. |
|
| 653 | _aნევროლოგია | ||
| 700 | 1 |
_aPorter, Roger J., _d1942- |
|
| 700 |
_aMattson,H.Richard _9562 |
||
| 700 |
_aDiamond,Ivan _9564 |
||
| 711 | 2 |
_aInternational Symposium on Alcohol and Seizures _d(1988 : _cWashington, D.C.) |
|
| 906 |
_a7 _bcbc _corignew _d1 _eocip _f19 _gy-gencatlg |
||
| 942 |
_2udc _cBK |
||
| 999 |
_c736 _d736 |
||